01429cam a2200265 a 450000100100000000500170001000800410002702000150006804000230008308200180010610000360012424500810016026000300024130000210027149000210029250504650031365000480077865000370082665000330086365000700089683000270096691000340099395201210102799900150114800000282320200929150250.0740725s1979 mx 001 0 spa  a9683500005 aDO-SdBNPcPBmdDLC a980.001bZ41p1 aZea, Leopoldo,d1912-20049893410aPrecursores del pensamiento latinoamericano contemporáneo /cLeopoldo Zea. aMéxico :bDiana,c1979. a260 p. ;c16 cm.1 aSepSetentas,v140 aNuestros indios, Manuel González Prada.--Nuestra América, José Martí.--Ariel, José E. Rodó.--La raza cosmica, José Vasconcelos.--El problema social y político, Antonio Caso.--La utopía de América, Pedro Henríquez Ureña.--Notas sobre la inteligencia americana, Alfonso Reyes.--Aislamiento, Ezequiel Martínez Estrada.--Regionalismo y centralismo, José Carlos. Mariátegui.--Conocimiento y expresión de la Argentina, Eduardo Mallea. 4aFilosofía latinoamericanaxHistoria91121 4aFilosofía latinoamericana9471 4aEnsayo latinoamericano98935 4aEscritores hispanoamericanosySIGLO XIXxPensamiento social98936 0aSepSetentas,v1498937 aCatalogación por copia / LC 001052708MOaGRbGRcCTd2009-07-03iLF1l0o980.001 Z41pp2823-10r2020-06-25w2020-06-25y2ZPréstamo interno c2657d2657